Normal view
MARC view
- الكيلاني، عبدالله زيد مؤلف/الشريفين،نضال كمال م.مشارك
Entry Personal Name
001 - CONTROL NUMBER
- control field: 45066
003 - CONTROL NUMBER IDENTIFIER
- control field: JO-AjAnu
005 - DATE AND TIME OF LATEST TRANSACTION
- control field: 20230606081446.0
008 - FIXED-LENGTH DATA ELEMENTS
- fixed length control field: 230606|| aca||aabn | a|a d
040 ## - CATALOGING SOURCE
- Original cataloging agency: JO-AjAnu
- Transcribing agency: JO-AjAnu
100 ## - HEADING--PERSONAL NAME
- Personal name: الكيلاني، عبدالله زيد مؤلف/الشريفين،نضال كمال م.مشارك
670 ## - SOURCE DATA FOUND
- Source citation: Work cat.: (JO-AjAnu)23076: الكيلاني، عبدالله زيد مؤلف/الشريفين،نضال كمال م.مشارك, author, مدخل إلى البحث في العلوم التربوية والإجتماعية،أساسياته-مناهجه-تصاميمه-أساليبه الإحصائية